Tilastot visalle Arvaa valtioiden nimistä puuttuvat kirjaimet

Klikkaa tästä pelataksesi tätä visaa!

Yleistilastot

  • Tätä visaa on pelattu 171 kertaa
  • Keskiarvotulos 6 / 7

Vastaustilastot

Nimi (puuttuvat kirjaimet)Valtion koko nimi% Oikein
S_MA_IASOMALIA
99%
V__ÄJ_VENÄJÄ
99%
T__SKATANSKA
97%
Y__YS_A__ATYHDYSVALLAT
95%
MIKR__E_IAMIKRONESIA
89%
I_A__AITALIA
85%
S_O_ISUOMI
85%

Tulosjakauma

Persentiili vastausten määrän mukaan

Jokaisen tuloksen saaneiden osuus

Tuloshistoriasi

Et ole pelannut tätä visaa